00859nam a2200229 a 450000100100000000500170001000800410002702000180006810000250008624501620011125000120027326000510028530000100033649000350034650000780038150000680045965000140052765000210054165000220056265000220058465000230060600001638620200120221954.0001218s1989 col0 gr0 000 d a958-14-0195-40 aArango Cano, Jesús10aMitología en América precolombina: México - aztecas, Colombia - Chibchas, Perú - Incas /cJesús Arango Cano; producción editorial: Germán Leal. a1a. ed. aSantafé de Bogotá :bPlaza & Janes,c1989. a115p. 0aSelección cultura colombiana aEj. 2 de Marichuela donado por la Secretaría de Educación de Bogotá aEj.1 de Mosquera donado por la Biblioteca Nacional - PNLB 2012.14aMITOLOGIA14aMITOLOGIA AZTECA14aMITOLOGIA INCAICA14aMITOLOGIA CHIBCHA14aMITOLOGIA INDIGENA